| 000 | 00463nam a2200181Ia 4500 | ||
|---|---|---|---|
| 008 | 240925s9999 xx 000 0 und d | ||
| 020 | _a750649895 | ||
| 082 | _a621.3192 BIR | ||
| 100 | _aBird, John | ||
| 245 | 0 | _aElectrical Circuit Theory and Technology | |
| 250 | _a2nd | ||
| 260 |
_aOxford: _bNewness _c,2001. |
||
| 300 |
_aviii,296p. _bNA _fOriginal |
||
| 500 | _aIncludes Index | ||
| 600 | _aElectrical Engineering | ||
| 650 | _aTechnology | ||
| 942 | _cBK | ||
| 999 |
_c6594 _d6594 |
||